Български поети (Запис номер 133259)
[ съкратено ]
| 000 -Лидер | |
|---|---|
| Контролно поле с фиксирана дължина | 01338nam a2200301 c 4500 |
| 003 - Код на организацията, давaща контролен номер | |
| Контролно поле | BLK |
| 005 - Дата и час на последна редакция | |
| Контролно поле | 20191018115906.0 |
| 008 - Елементи от данни с фиксирана дължина | |
| fixed length control field | 180409b bul|||||r ||||||| ||bul|| |
| 010 ## - Наследен системен номер | |
| LC control number | KNG00139150000 |
| 040 ## - Източник на каталожния запис | |
| Идентификатор на билиотеката - собственик на записа | BLK |
| 041 ## - Код за език | |
| Код за езика на текст/звукозапис или на отделно заглавие | Български |
| Код за езика КДБФ | Български |
| 072 #7 - Код за тематичната категория | |
| Код организация | bullib |
| Код за тематична категория | А |
| Текст | Фонд Михаил Арнаудов |
| 080 ## - УДК | |
| Текстов определител УДК | Българска литература |
| УДК код - определител по УДК | 821.163.2 |
| УДК определител | -1(082) |
| УДК - код + определител | 821.163.2-1(082) |
| 139 ## - Редно поле | |
| Редна дума | Български поети |
| Авторски знак | Бъл - Б 92 |
| 245 10 - Сведения за заглавието | |
| Заглавие | Български поети |
| 257 ## - Страна на издаване | |
| Страна на създаване/издаване | България |
| 260 ## - Област на издателските данни | |
| Име на издателя, разпространителя и проч. | Щаб на действующата армия |
| Година на издаване | 1917 |
| Печатница | София : печ. Воен. известия |
| 300 ## - Физическа характеристика | |
| Страници | 232 с. |
| Размери/Мащаб | 15 см |
| 380 ## - Жанр | |
| Жанр | Худож. лит. |
| 490 1# - СЕРИИ (Колекции) | |
| Име на серия | Походна войнишка библиотека |
| №: серия | № 28 |
| 490 ## - СЕРИИ (Колекции) | |
| Име на серия | Частна колекция - Академик Михаил Арнаудов |
| 9 (RLIN) | 396381 |
| Бележки за серията | Дарение - Основен фонд |
| 500 ## - Общи забележки | |
| Забележка | Автори : П. Р. Славейков, Хр. Ботев, Ив. Вазов, Ст. Михайловски, П. Славейков, К. Христов, П. К. Яворов. - Фонд Михаил Арнаудов - мека подв., неразрязана |
| 659 ## - Тематичен бюлетин | |
| Тематичен бюлетин | А |
| 852 ## - Местоположение | |
| Форматна сигнатура | Цб 8.155.5240 |
| 852 ## - Местоположение | |
| Форматна сигнатура | МА 1506 |
| 856 4# - Електронен адрес и достъп | |
| Електронен формат | pdf - файл |
| 856 4# - Електронен адрес и достъп | |
| Електронен формат | pdf - файл |
| 999 ## - СИСТЕМНИ КОНТРОЛНИ НОМЕРА | |
| Koha biblionumber | 133259 |
| Koha biblioitemnumber | 133259 |
| 942 ## - АРТИКУЛИ | |
| Вид на библиотечния материал | Книги |
| Скрит в OPAC | Не |
| Периодичен библиозапис | Да |
| 944 ## - СЪЗДАВАНЕ И РЕДАКЦИЯ на ЗАПИСА | |
| Създаване/Редакция | Създаване |
| Дата на регистрацията/редакция | 07.02.2013 |
| Статус, дата на статуса | 07.02.2013 - от С1,Р / 07.02.2013 |
| Служител, извършил регистрацията/редакцията | Наталия_Медовщикова |
| 944 ## - СЪЗДАВАНЕ И РЕДАКЦИЯ на ЗАПИСА | |
| Създаване/Редакция | Редакция |
| Дата на регистрацията/редакция | 16.01.2017 |
| Статус, дата на статуса | 07.02.2013 - от С1,Р / 07.02.2013 |
| 999 ## - СИСТЕМНИ КОНТРОЛНИ НОМЕРА | |
| Koha biblioitemnumber | 133259 |
| Код за отписване | Код за изгубен артикул | Източник на класификационната схема | Код за повреда | Коз за рестрикции | Код за отдаване | Артикулен № | Име на библиотеката - собственик | Име на библиотеката, в която се намира в момента | Статус (Текущо местоположение) | Дата на вписване в системата | Местоположение - отдел | Цена в лева | Инвентарен номер | Систематично азбучна сигнатура | Баркод | Номер на екземпляра | Цена в евро | Служебна бележка | Служебен тип на артикула |
|---|---|---|---|---|---|---|---|---|---|---|---|---|---|---|---|---|---|---|---|
| Не е изгубен | Universal Decimal Classification | Не е повреден | без рестрикции | ползва се в читалня | 217408 | Регионална библиотека "Любен Каравелов" Русе | Регионална библиотека "Любен Каравелов" Русе | Хранилище | 1917-01-01 | Основен фонд - ползва се само за читалня | 0.18 | 5240 | Цб 8.155.5240 | 900000046757 | 1 | 0.09 | N: стар фонд Дата: 01.01.1917 | Книги | |
| Не е изгубен | Universal Decimal Classification | Не е повреден | само за читалня | Специални фондове ( старопечатни, редки и ценни, фонд М. Арнаудов) | 217409 | Регионална библиотека "Любен Каравелов" Русе | Регионална библиотека "Любен Каравелов" Русе | Фонд "Михаил Арнаудов" | 1973-01-01 | Фонд "Михаил Арнаудов" | 15.00 | 588976 | МА 1506 | 120000588976 | 2 | 7.67 | Дост: DA Вид: А N: стар фонд Дата: 01.01.1973 | Книги |